BSOP header

The supreme harmony of all : (Record no. 13731)

MARC details
000 -LEADER
fixed length control field 00603nam a2200205 4500
005 - DATE AND TIME OF LATEST TRANSACTION
control field 20180425164310.0
008 - FIXED-LENGTH DATA ELEMENTS--GENERAL INFORMATION
fixed length control field 021207s2002 us 1 eng
020 ## - INTERNATIONAL STANDARD BOOK NUMBER
International Standard Book Number 0802849849
100 1# - MAIN ENTRY--PERSONAL NAME
Personal name Pauw, Amy Platinga
245 10 - TITLE STATEMENT
Title The supreme harmony of all :
Remainder of title the Trinitarian theology of Jonathan Edwards /
Statement of responsibility, etc Amy Platinga Pauw.
260 ## - PUBLICATION, DISTRIBUTION, ETC. (IMPRINT)
Place of publication, distribution, etc Michigan :
Name of publisher, distributor, etc Eerdmans,
Date of publication, distribution, etc c2002.
300 ## - PHYSICAL DESCRIPTION
Extent x, 196 p.
336 ## - CONTENT TYPE
Content Type Term text
337 ## - MEDIA TYPE
Media Type Term unmediated
338 ## - CARRIER TYPE
Carrier Type Term volume
504 ## - BIBLIOGRAPHY, ETC. NOTE
Bibliography, etc Includes index
600 14 - SUBJECT ADDED ENTRY--PERSONAL NAME
Personal name Edwards, Jonathan, 1703-1758.
650 #4 - SUBJECT ADDED ENTRY--TOPICAL TERM
Topical term or geographic name as entry element Trinity
General subdivision History of doctrines.
942 ## - ADDED ENTRY ELEMENTS (KOHA)
Source of classification or shelving scheme Library of Congress Classification
Item type Books
Holdings
Withdrawn status Lost status Source of classification or shelving scheme Damaged status Not for loan Home library Current library Shelving location Date acquired Inventory number Shelving control number Total Checkouts Full call number Barcode Date last seen Price effective from Koha item type Copy number
    Library of Congress Classification     BSOP Library BSOP Library GC 12/21/2000 25469 127   BT111.3/P28/2002 00027141 02/23/2013 02/23/2013 Books  
    Library of Congress Classification     BSOP Library BSOP Library GC 04/25/2018 40688     BT111.3 P28 2002 c.2 00051688 04/25/2018 04/25/2018 Books c.2
BSOP

Biblical Seminary of the Philippines
  All rights Reserved
  © 2024

CONTACT INFORMATION

Biblical Seminary of the Philippines,
  77-B Karuhatan Road, Valenzuela City,
  PHILIPPINES 1441
  Phone: +632 8292-6795 / 8292-6798
  Fax : +632 8292-6675
  Email: library@bsop.edu.ph